Normal view
MARC view
Entry Personal Name
001 - CONTROL NUMBER
- control field: 56487
003 - CONTROL NUMBER IDENTIFIER
- control field: OSt
005 - DATE AND TIME OF LATEST TRANSACTION
- control field: 20250827123238.0
008 - FIXED-LENGTH DATA ELEMENTS
- fixed length control field: 250827|| aca||aabn | a|a d
040 ## - CATALOGING SOURCE
- Original cataloging agency: OSt
- Transcribing agency: OSt
100 ## - HEADING--PERSONAL NAME
- Personal name: Kang, Inkyu and Headley, Andrea M.
670 ## - SOURCE DATA FOUND
- Source citation: Work cat.: (OSt): Kang, Inkyu and Headley, Andrea M. , Valence for representation-enhancing organizational change: A driver of active representation beyond bureaucrat-client social identity match
